[Event "Hamburg HSK Christmas op"]
[Site "Hamburg"]
[Date "2022.12.29"]
[Round "5"]
[White "Brinkmann, Fabian"]
[Black "Alpers, Arne"]
[Result "1-0"]
[WhiteElo "2147"]
[BlackElo "1856"]
[PlyCount "57"]
[EventDate "2022.12.27"]
[EventType "swiss"]
[EventRounds "7"]
[EventCountry "GER"]
[SourceTitle "EXT 2024"]
[Source "ChessBase"]
[SourceDate "2023.10.10"]
[SourceVersion "1"]
[SourceVersionDate "2023.10.10"]
[SourceQuality "1"]

1. e4 c5 2. Nf3 Nc6 3. Bb5 g6 4. Bxc6 dxc6 5. 0-0 Bg7 6. d3 Nf6 7. h3 Nd7 8. Re1 e5 9. Be3 b6 10. Qd2 0-0 11. Bh6 Re8 12. Na3 Bh8 13. Nc4 Qc7 14. a3 a5 15. a4 Nf8 16. Nh2 Ne6 17. c3 Ba6 18. Qe3 Rad8 19. Ng4 Nf4 20. Ncxe5 Nxd3 21. Nxd3 Rxd3 22. Qg5 Qd8 23. Qf4 Bg7 24. Bxg7 Kxg7 25. Qh6+ Kg8 26. e5 Re6 27. Nf6+ Rxf6 28. exf6 Qf8 29. Re8 1-0

[Event "Hamburg HSK Christmas op"]
[Site "Hamburg"]
[Date "2022.12.29"]
[Round "6"]
[White "Ertan, Can"]
[Black "Brinkmann, Fabian"]
[Result "0-1"]
[WhiteElo "2352"]
[BlackElo "2147"]
[PlyCount "92"]
[EventDate "2022.12.27"]
[EventType "swiss"]
[EventRounds "7"]
[EventCountry "GER"]
[SourceTitle "EXT 2024"]
[Source "ChessBase"]
[SourceDate "2023.10.10"]
[SourceVersion "1"]
[SourceVersionDate "2023.10.10"]
[SourceQuality "1"]

1. e4 c6 2. d4 d5 3. e5 Bf5 4. Nf3 e6 5. Be2 Nd7 6. 0-0 Bg6 7. a4 a5 8. Re1 Ne7 9. b3 Nf5 10. Ba3 Bxa3 11. Nxa3 0-0 12. c4 f6 13. cxd5 exd5 14. g4 Ne7 15. e6 Nb8 16. Nh4 Qd6 17. Bd3 Na6 18. Qf3 Bxd3 19. Qxd3 Qf4 20. h3 f5 21. Ng2 Qd6 22. Nc2 Nc7 23. Re2 Rae8 24. Rae1 fxg4 25. hxg4 Ng6 26. Qd2 Rxe6 27. Qxa5 Rxe2 28. Rxe2 Ne6 29. Qe1 Ng5 30. Re3 Nf3+ 31. Rxf3 Rxf3 32. Nce3 Ne7 33. Qe2 Rf8 34. Nh4 Qf6 35. Nef5 Nxf5 36. Nxf5 g6 37. Nh6+ Kg7 38. Qe3 Qxf2+ 39. Qxf2 Rxf2 40. Kxf2 Kxh6 41. Kf3 Kg5 42. b4 h5 43. gxh5 gxh5 44. b5 cxb5 45. axb5 h4 46. b6 Kf5 0-1

[Event "GER-ch Youth-A"]
[Site "Willingen"]
[Date "2022.06.08"]
[Round "6"]
[White "Struck, Lasse"]
[Black "Brinkmann, Fabian"]
[Result "1/2-1/2"]
[WhiteElo "1847"]
[BlackElo "2126"]
[PlyCount "41"]
[EventDate "2022.06.04"]
[EventType "swiss"]
[EventRounds "9"]
[EventCountry "GER"]
[SourceTitle "CBM 208 Extra"]
[Source "ChessBase"]
[SourceDate "2022.07.31"]
[SourceVersion "1"]
[SourceVersionDate "2022.07.31"]
[SourceQuality "1"]

1. d4 d5 2. c4 c6 3. cxd5 cxd5 4. Nc3 Nf6 5. Bf4 e6 6. e3 Be7 7. Bd3 Bd7 8. h3 0-0 9. Nf3 Qb6 10. Qe2 Rc8 11. 0-0 Qd8 12. Ne5 Be8 13. Rfc1 Nc6 14. Qd1 Na5 15. Be2 Ne4 16. Nxe4 dxe4 17. Nc4 Nxc4 18. Bxc4 Bc6 19. Be5 Qd7 20. Bb3 Bf8 21. Rc2 1/2-1/2

[Event "GER-ch Youth-A"]
[Site "Willingen"]
[Date "2022.06.05"]
[Round "1"]
[White "Brinkmann, Fabian"]
[Black "Brockmeyer, Tobias"]
[Result "1-0"]
[WhiteElo "2126"]
[BlackElo "1936"]
[PlyCount "55"]
[EventDate "2022.06.04"]
[EventType "swiss"]
[EventRounds "9"]
[EventCountry "GER"]
[SourceTitle "CBM 208 Extra"]
[Source "ChessBase"]
[SourceDate "2022.07.31"]
[SourceVersion "1"]
[SourceVersionDate "2022.07.31"]
[SourceQuality "1"]

1. Nf3 Nf6 2. d4 e6 3. g3 d5 4. Bg2 Be7 5. 0-0 0-0 6. b3 b6 7. Bb2 Bb7 8. Nbd2 Nbd7 9. Ne5 c5 10. e3 Rc8 11. Rc1 Qc7 12. f4 b5 13. c3 Qb6 14. Kh1 a5 15. g4 Nb8 16. g5 Nfd7 17. Qh5 Nxe5 18. dxe5 a4 19. Rf3 Rfd8 20. Rh3 Kf8 21. Qxh7 Ke8 22. Qxg7 Bf8 23. Rh8 Nd7 24. g6 fxg6 25. Qxg6+ Ke7 26. Rh7+ Bg7 27. Qxg7+ Ke8 28. Qf7# 1-0

[Event "Oberliga Nord W 2122"]
[Site "Germany"]
[Date "2021.12.12"]
[Round "4.4"]
[White "Brinkmann, Fabian"]
[Black "Schulz, Jens"]
[Result "1-0"]
[WhiteElo "2133"]
[BlackElo "2181"]
[PlyCount "137"]
[EventDate "2021.10.10"]
[EventType "team-tourn"]
[EventRounds "9"]
[EventCountry "GER"]
[SourceTitle "EXT 2023"]
[Source "ChessBase"]
[SourceDate "2022.10.05"]
[SourceVersion "1"]
[SourceVersionDate "2022.10.05"]
[SourceQuality "1"]
[WhiteTeam "Werder Bremen III"]
[BlackTeam "Nordhorn Blanke"]
[WhiteTeamCountry "GER"]
[BlackTeamCountry "GER"]

1. d4 Nf6 2. Nf3 d5 3. c4 e6 4. g3 dxc4 5. Bg2 a6 6. 0-0 Nc6 7. a4 Be7 8. Qc2 0-0 9. Qxc4 a5 10. Rd1 Nb4 11. Nc3 c6 12. e4 b6 13. Qb3 Bb7 14. Bf4 Nd7 15. Rd2 Qc8 16. Re1 c5 17. d5 c4 18. Qd1 Nd3 19. d6 Bd8 20. Rxd3 cxd3 21. Qxd3 Qc5 22. e5 Rb8 23. Ne4 Bxe4 24. Rxe4 b5 25. Be3 Qc8 26. axb5 Nc5 27. Bxc5 Qxc5 28. Bf1 Bb6 29. Re2 h6 30. Rc2 Qb4 31. Kg2 Rfc8 32. Be2 Rc5 33. b3 Rbc8 34. Rc4 Rxc4 35. bxc4 Qc5 36. Qe4 Qxf2+ 37. Kh3 Qe3 38. Qb7 Rf8 39. Bd1 Bc5 40. Qc6 g5 41. Kg4 Qd3 42. Qxc5 Qf5+ 43. Kh5 Qg6+ 44. Kg4 Qf5+ 45. Kh5 g4+ 46. Kh4 gxf3 47. g4 Qf4 48. Qf2 f5 49. Qxf3 Qxh2+ 50. Qh3 Qxe5 51. Qg3 f4 52. Qd3 Kg7 53. Bf3 Qe1+ 54. Kh5 Qe5+ 55. Kh4 h5 56. d7 Qe1+ 57. Kg5 Qe5+ 58. Kh4 Kh6 59. Kh3 hxg4+ 60. Bxg4 Qe1 61. Qf3 Kg5 62. Bh5 Qh4+ 63. Kg2 e5 64. Be8 Kh6 65. Qe4 Rg8+ 66. Kf1 Qg3 67. Qh1+ Kg7 68. d8Q Rxe8 69. Qd7+ 1-0

[Event "Oberliga Nord W 2122"]
[Site "Germany"]
[Date "2021.11.21"]
[Round "3.3"]
[White "Ackermann, Dennie"]
[Black "Brinkmann, Fabian"]
[Result "1/2-1/2"]
[WhiteElo "2117"]
[BlackElo "2133"]
[PlyCount "51"]
[EventDate "2021.10.10"]
[EventType "team-tourn"]
[EventRounds "9"]
[EventCountry "GER"]
[SourceTitle "EXT 2023"]
[Source "ChessBase"]
[SourceDate "2022.10.05"]
[SourceVersion "1"]
[SourceVersionDate "2022.10.05"]
[SourceQuality "1"]
[WhiteTeam "Hannover"]
[BlackTeam "Werder Bremen III"]
[WhiteTeamCountry "GER"]
[BlackTeamCountry "GER"]

1. d4 d5 2. Nf3 Nf6 3. Bf4 Bf5 4. e3 e6 5. c4 Bxb1 6. Rxb1 Bb4+ 7. Ke2 Bd6 8. Qb3 Bxf4 9. Qxb7 Nbd7 10. exf4 dxc4 11. Qc6 Nd5 12. Ne5 Rb8 13. Kf3 Rb6 14. Qxd7+ Qxd7 15. Nxd7 Kxd7 16. Bxc4 Rb4 17. Bxd5 exd5 18. Rhd1 Re8 19. Rd2 Re4 20. Rbd1 a5 21. g3 a4 22. Kg2 Re8 23. Rc1 Re4 24. Rcd1 Re8 25. Rc1 Re4 26. Rcd1 1/2-1/2

[Event "Riga Tech op-A"]
[Site "Riga"]
[Date "2021.08.09"]
[Round "1"]
[White "Puranik, Abhimanyu Sameer"]
[Black "Brinkmann, Fabian"]
[Result "1-0"]
[WhiteElo "2580"]
[BlackElo "2144"]
[PlyCount "63"]
[EventDate "2021.08.09"]
[EventType "swiss"]
[EventRounds "9"]
[EventCountry "LAT"]
[SourceTitle "CBM 203 Extra"]
[Source "ChessBase"]
[SourceDate "2021.09.30"]
[SourceVersion "1"]
[SourceVersionDate "2021.09.30"]
[SourceQuality "1"]

1. e4 c6 2. Nf3 d5 3. Nc3 Bg4 4. h3 Bxf3 5. Qxf3 e6 6. Be2 Nf6 7. 0-0 dxe4 8. Nxe4 Nxe4 9. Qxe4 Nd7 10. d4 Nf6 11. Qe3 Be7 12. c3 0-0 13. a4 Qc7 14. Qf3 c5 15. dxc5 Bxc5 16. Rd1 a5 17. Bf4 Qe7 18. Be5 Rad8 19. Qf4 b6 20. Bf3 Nd5 21. Qg4 f6 22. Bh2 Rd7 23. Rd2 Rc8 24. Qe4 Nc7 25. Rxd7 Qxd7 26. Qb7 e5 27. Rd1 Qe8 28. Bg4 f5 29. Bxf5 Rd8 30. Rxd8 Qxd8 31. Bg3 Ne8 32. Qe4 1-0

[Event "Bremen Silvester op"]
[Site "Bremen"]
[Date "2019.12.27"]
[Round "2"]
[White "Meyer, Thorsten1111"]
[Black "Brinkmann, Fabian"]
[Result "0-1"]
[WhiteElo "1979"]
[BlackElo "2148"]
[PlyCount "78"]
[EventDate "2019.12.27"]
[EventType "swiss"]
[EventRounds "7"]
[EventCountry "GER"]
[SourceTitle "CBM 194 Extra"]
[Source "ChessBase"]
[SourceDate "2020.03.31"]
[SourceVersion "1"]
[SourceVersionDate "2020.03.31"]
[SourceQuality "1"]

1. e4 c5 2. Nf3 Nc6 3. d4 cxd4 4. Nxd4 Nf6 5. Nc3 e5 6. Ndb5 d6 7. Bg5 a6 8. Na3 b5 9. Bxf6 gxf6 10. Nd5 Bg7 11. Bd3 Be6 12. c3 f5 13. 0-0 0-0 14. Nc2 Ra7 15. a4 fxe4 16. Bxe4 f5 17. Nf6+ Bxf6 18. Bxc6 bxa4 19. Bd5 Qd7 20. Bxe6+ Qxe6 21. Rxa4 d5 22. Nb4 Rd8 23. Qe2 a5 24. Nd3 Qb6 25. Rfa1 e4 26. Nf4 Be5 27. Nd3 Bc7 28. Nb4 Rb7 29. Rxa5 Qh6 30. g3 Bxa5 31. Rxa5 Qe6 32. Qd2 Rbd7 33. Nc2 Rf8 34. Nd4 Qb6 35. Rb5 Qa6 36. Qf4 Qd6 37. Qd2 f4 38. Ne2 f3 39. Nf4 Qa6 0-1

[Event "Oberliga Nord W 1718"]
[Site "Germany"]
[Date "2018.04.15"]
[Round "9.6"]
[White "Brinkmann, Fabian"]
[Black "Gerstmann, Frank"]
[Result "0-1"]
[WhiteElo "2087"]
[BlackElo "2144"]
[PlyCount "52"]
[EventDate "2017.10.08"]
[EventType "team-tourn"]
[EventRounds "9"]
[EventCountry "GER"]
[SourceTitle "EXT 2019"]
[Source "ChessBase"]
[SourceDate "2018.10.10"]
[SourceVersion "1"]
[SourceVersionDate "2018.10.10"]
[SourceQuality "1"]
[WhiteTeam "Werder Bremen III"]
[BlackTeam "Hameln"]
[WhiteTeamCountry "GER"]
[BlackTeamCountry "GER"]

1. e4 c5 2. Nf3 d6 3. d4 cxd4 4. Nxd4 Nf6 5. Nc3 a6 6. Bg5 e6 7. f4 Be7 8. Qf3 Nbd7 9. 0-0-0 Qc7 10. g4 b5 11. Bxf6 Nxf6 12. g5 Nd7 13. f5 Ne5 14. Qh5 g6 15. Qh4 b4 16. Nce2 exf5 17. exf5 Bb7 18. Bh3 Bxh1 19. Rxh1 d5 20. Nf4 Qc4 21. f6 Qxd4 22. fxe7 Nc4 23. Re1 Qxb2+ 24. Kd1 Qd4+ 25. Ke2 Ra7 26. Kf3 Ne5+ 0-1

[Event "Hamburg CC Easter op 4th"]
[Site "Hamburg"]
[Date "2018.04.02"]
[Round "7"]
[White "Brinkmann, Fabian"]
[Black "Woelk, Tom Frederic"]
[Result "1-0"]
[WhiteElo "2117"]
[BlackElo "2191"]
[PlyCount "67"]
[EventDate "2018.03.30"]
[EventType "swiss"]
[EventRounds "7"]
[EventCountry "GER"]
[SourceTitle "CBM 183 Extra"]
[Source "ChessBase"]
[SourceDate "2018.04.19"]
[SourceVersion "1"]
[SourceVersionDate "2018.04.19"]
[SourceQuality "1"]

1. e4 c5 2. Ne2 d6 3. c4 Nf6 4. Nbc3 Nc6 5. d4 cxd4 6. Nxd4 g6 7. f3 Bg7 8. Be3 0-0 9. Qd2 Be6 10. Be2 Rc8 11. b3 a6 12. 0-0 Nd7 13. Rad1 Nxd4 14. Bxd4 Bxd4+ 15. Qxd4 Qb6 16. Qxb6 Nxb6 17. f4 f6 18. Bf3 Rc7 19. Rfe1 Nd7 20. Re3 Kf7 21. f5 Bxc4 22. bxc4 Rxc4 23. e5 Nxe5 24. Bd5+ Ke8 25. Bxc4 Nxc4 26. Rh3 Rf7 27. fxg6 hxg6 28. Rb1 b5 29. Rh8+ Kd7 30. Ra8 e5 31. Rxa6 Ke6 32. Nxb5 e4 33. Rd1 Rd7 34. Rc6 1-0

[Event "Hamburg CC Easter op 4th"]
[Site "Hamburg"]
[Date "2018.04.01"]
[Round "6"]
[White "Aumueller, Ingo"]
[Black "Brinkmann, Fabian"]
[Result "0-1"]
[WhiteElo "2004"]
[BlackElo "2117"]
[PlyCount "106"]
[EventDate "2018.03.30"]
[EventType "swiss"]
[EventRounds "7"]
[EventCountry "GER"]
[SourceTitle "CBM 183 Extra"]
[Source "ChessBase"]
[SourceDate "2018.04.19"]
[SourceVersion "1"]
[SourceVersionDate "2018.04.19"]
[SourceQuality "1"]

1. e4 c6 2. d4 d5 3. e5 Bf5 4. g4 Bd7 5. Bg2 e6 6. Nd2 c5 7. Nb3 Nc6 8. Nxc5 Bxc5 9. dxc5 Nxe5 10. Qd4 Qf6 11. g5 Qf5 12. f4 Qxc2 13. Qxe5 Qxg2 14. Qxg7 Qxh1 15. Be3 Qe4 16. Kf2 d4 17. Bxd4 Qxf4+ 18. Ke1 0-0-0 19. Qxh8 Bb5 20. Rd1 f6 21. Ne2 Qe4 22. Be3 Rxd1+ 23. Kxd1 Qd3+ 24. Bd2 Qxe2+ 25. Kc1 Qf1+ 26. Kc2 Qf5+ 27. Kc1 Qg6 28. gxf6 Qf7 29. Bc3 Kc7 30. b4 Kc6 31. Kb2 Kd5 32. Kb3 Bc4+ 33. Kb2 Ke4 34. a4 a6 35. Ka3 Kd3 36. Bb2 Kc2 37. Be5 Bd3 38. Qg7 Qxg7 39. fxg7 Bf1 40. Ba1 Be2 41. Be5 Kd3 42. b5 axb5 43. axb5 Ke4 44. b6 Bb5 45. Bd6 Bc6 46. Kb2 Kf5 47. Kc3 Kg6 48. Be5 Kf7 49. Kd3 Ne7 50. Bb2 Nf5 51. Bc3 Nxg7 52. Ke3 Nh5 53. Be5 Kg6 0-1

[Event "Hamburg CC Easter op 4th"]
[Site "Hamburg"]
[Date "2018.04.01"]
[Round "5"]
[White "Brinkmann, Fabian"]
[Black "Langrock, Hannes"]
[Result "0-1"]
[WhiteElo "2117"]
[BlackElo "2391"]
[PlyCount "58"]
[EventDate "2018.03.30"]
[EventType "swiss"]
[EventRounds "7"]
[EventCountry "GER"]
[SourceTitle "CBM 183 Extra"]
[Source "ChessBase"]
[SourceDate "2018.04.19"]
[SourceVersion "1"]
[SourceVersionDate "2018.04.19"]
[SourceQuality "1"]

1. d4 Nf6 2. Nf3 d5 3. g3 c5 4. Bg2 cxd4 5. 0-0 Bd7 6. Nxd4 e5 7. Nb3 Be6 8. Bg5 Nbd7 9. f4 h6 10. Bxf6 Qb6+ 11. Kh1 Nxf6 12. fxe5 Ng4 13. Qd4 Qxd4 14. Nxd4 Bc5 15. Nb5 Ke7 16. h3 Ne3 17. Rc1 Rac8 18. c3 a6 19. Nd6 Rc7 20. c4 Nxg2 21. Kxg2 dxc4 22. Nxc4 Be3 23. Nbd2 Rhc8 24. Nxe3 Rxc1 25. Rxc1 Rxc1 26. a3 Rc5 27. Nf3 a5 28. Kf2 Rb5 29. Nd1 Bxh3 0-1

[Event "Hamburg CC Easter op 4th"]
[Site "Hamburg"]
[Date "2018.03.30"]
[Round "2"]
[White "Zippert, Georg"]
[Black "Brinkmann, Fabian"]
[Result "0-1"]
[WhiteElo "1867"]
[BlackElo "2117"]
[PlyCount "76"]
[EventDate "2018.03.30"]
[EventType "swiss"]
[EventRounds "7"]
[EventCountry "GER"]
[SourceTitle "CBM 183 Extra"]
[Source "ChessBase"]
[SourceDate "2018.04.19"]
[SourceVersion "1"]
[SourceVersionDate "2018.04.19"]
[SourceQuality "1"]

1. e4 c6 2. d4 d5 3. Nc3 dxe4 4. Nxe4 Bf5 5. Ng3 Bg6 6. Nf3 Nd7 7. Bd3 Bxd3 8. Qxd3 Ngf6 9. 0-0 e6 10. Re1 Be7 11. Ne4 Nxe4 12. Qxe4 0-0 13. b3 Qc7 14. Bb2 Rfd8 15. Rad1 Bf6 16. Bc1 Qa5 17. a4 Rac8 18. Bd2 Qd5 19. c4 Qxe4 20. Rxe4 c5 21. Be3 cxd4 22. Bxd4 Nc5 23. Ree1 Nxb3 24. Bxa7 Rxd1 25. Rxd1 Rxc4 26. g3 Rxa4 27. Bb6 Ra6 28. Be3 Ra1 29. Rxa1 Bxa1 30. Bb6 f6 31. Kf1 e5 32. Ke2 Nd4+ 33. Ke3 Nxf3 34. Kxf3 Kf7 35. Ke2 Ke6 36. f3 Kd5 37. Kd3 Bd4 38. Ba5 f5 0-1

[Event "Hamburg HSK op"]
[Site "Hamburg"]
[Date "2016.12.29"]
[Round "6"]
[White "Colpe, Malte"]
[Black "Brinkmann, Fabian"]
[Result "1-0"]
[WhiteElo "2403"]
[BlackElo "2108"]
[PlyCount "37"]
[EventDate "2016.12.27"]
[EventType "swiss"]
[EventRounds "7"]
[EventCountry "GER"]
[SourceTitle "CBM 176 Extra"]
[Source "ChessBase"]
[SourceDate "2017.03.02"]
[SourceVersion "1"]
[SourceVersionDate "2017.03.02"]
[SourceQuality "1"]

1. d4 d5 2. Bf4 Nf6 3. e3 Bf5 4. c4 e6 5. Qb3 Qc8 6. Nc3 c6 7. Rc1 dxc4 8. Bxc4 Nbd7 9. f3 Nb6 10. e4 Nxc4 11. Qxc4 Bg6 12. Nb5 Kd7 13. Nc7 Rb8 14. d5 exd5 15. exd5 cxd5 16. Qb5+ Kd8 17. Nxd5 Qe6+ 18. Ne2 Nxd5 19. Rd1 1-0

[Event "Hamburg HSK op"]
[Site "Hamburg"]
[Date "2016.12.27"]
[Round "2"]
[White "Parvanyan, Ashot"]
[Black "Brinkmann, Fabian"]
[Result "1-0"]
[WhiteElo "2359"]
[BlackElo "2108"]
[PlyCount "111"]
[EventDate "2016.12.27"]
[EventType "swiss"]
[EventRounds "7"]
[EventCountry "GER"]
[SourceTitle "CBM 176 Extra"]
[Source "ChessBase"]
[SourceDate "2017.03.02"]
[SourceVersion "1"]
[SourceVersionDate "2017.03.02"]
[SourceQuality "1"]

1. Nf3 Nf6 2. c4 e6 3. g3 d5 4. Bg2 Be7 5. 0-0 0-0 6. b3 c5 7. Bb2 Nc6 8. cxd5 exd5 9. d4 b6 10. Nc3 Bb7 11. Rc1 Ne4 12. Na4 Bf6 13. dxc5 Bxb2 14. Nxb2 bxc5 15. Nd2 Qe7 16. Na4 Rfd8 17. Nxe4 dxe4 18. Qc2 Nd4 19. Qb2 Rac8 20. Rc3 f5 21. Rfc1 Ba6 22. Bf1 Rd5 23. b4 c4 24. Nc5 Qf6 25. Nxa6 Qxa6 26. Kh1 Qh6 27. Rxc4 Rcd8 28. Rc8 f4 29. Rxd8+ Rxd8 30. Qc3 fxg3 31. fxg3 Rf8 32. Rd1 Nf5 33. Qc4+ Kh8 34. Qc5 g6 35. Qe5+ Kg8 36. Bg2 Ne3 37. Bxe4 Qxh2+ 38. Kxh2 Ng4+ 39. Kg2 Nxe5 40. Rc1 Kg7 41. Bd5 Rd8 42. Rc7+ Kf6 43. e4 Rd7 44. Rc3 h5 45. a4 Ke7 46. Kf2 Kd6 47. Ke3 Rd8 48. b5 Rf8 49. Ke2 Rb8 50. Ke3 Rf8 51. a5 g5 52. Ke2 Rb8 53. b6 a6 54. Rc7 Nd7 55. Rc6+ Ke5 56. Ke3 1-0

[Event "Oberliga Nord W 1617"]
[Site "Germany"]
[Date "2016.10.16"]
[Round "1.4"]
[White "Brinkmann, Fabian"]
[Black "Mossakowski, Florian"]
[Result "0-1"]
[WhiteElo "2105"]
[BlackElo "2308"]
[PlyCount "68"]
[EventDate "2016.10.16"]
[EventType "team-tourn"]
[EventRounds "9"]
[EventCountry "GER"]
[SourceTitle "EXT 2018"]
[Source "ChessBase"]
[SourceDate "2017.10.13"]
[SourceVersion "1"]
[SourceVersionDate "2017.10.13"]
[SourceQuality "1"]
[WhiteTeam "Werder Bremen"]
[BlackTeam "Delmenhorst"]
[WhiteTeamCountry "GER"]
[BlackTeamCountry "GER"]

1. e4 c5 2. Nf3 Nc6 3. d4 cxd4 4. Nxd4 d6 5. c4 Nf6 6. Nc3 g6 7. f3 Bg7 8. Be3 Bd7 9. Qd2 Nxd4 10. Bxd4 Bc6 11. b4 b6 12. Be2 0-0 13. 0-0 Nd7 14. f4 e5 15. fxe5 Nxe5 16. Rad1 Rc8 17. Be3 Ba8 18. Nb5 Nxc4 19. Bxc4 Rxc4 20. Nxd6 Rc7 21. Bh6 Bxh6 22. Qxh6 Qe7 23. Nxf7 Bxe4 24. Ng5 Bf5 25. Qh4 b5 26. Rfe1 Qg7 27. Ne6 Bxe6 28. Rxe6 Rc4 29. Qe1 Rd4 30. Rc1 Rdf4 31. Qd2 Qf7 32. Ree1 Rf2 33. Qe3 Qxa2 34. Qe4 R2f4 0-1

[Event "Lueneburg op-A"]
[Site "Lueneburg"]
[Date "2016.07.06"]
[Round "7"]
[White "Brinkmann, Fabian"]
[Black "Zienert, Richard"]
[Result "1-0"]
[WhiteElo "2107"]
[BlackElo "2184"]
[PlyCount "45"]
[EventDate "2016.07.01"]
[EventType "swiss"]
[EventRounds "9"]
[EventCountry "GER"]
[SourceTitle "CBM 173 Extra"]
[Source "ChessBase"]
[SourceDate "2016.08.29"]
[SourceVersion "1"]
[SourceVersionDate "2016.08.29"]
[SourceQuality "1"]

1. e4 c6 2. Nc3 d5 3. Qf3 dxe4 4. Nxe4 Nd7 5. d4 Ngf6 6. Bc4 e6 7. Bg5 Qa5+ 8. Bd2 Qb6 9. Nxf6+ Nxf6 10. 0-0-0 Qxd4 11. Bc3 Qxc4 12. Bxf6 Bd7 13. b3 Qa6 14. Bb2 Qxa2 15. Rxd7 Kxd7 16. Qxf7+ Be7 17. Nf3 Rae8 18. Be5 c5 19. Rd1+ Kc6 20. Qxe6+ Kb5 21. Nd4+ cxd4 22. Qc4+ Ka5 23. b4+ 1-0

[Event "Lueneburg op-A"]
[Site "Lueneburg"]
[Date "2016.07.04"]
[Round "5"]
[White "Brinkmann, Fabian"]
[Black "Lezynski, Florian"]
[Result "1/2-1/2"]
[WhiteElo "2107"]
[BlackElo "1910"]
[PlyCount "119"]
[EventDate "2016.07.01"]
[EventType "swiss"]
[EventRounds "9"]
[EventCountry "GER"]
[SourceTitle "CBM 173 Extra"]
[Source "ChessBase"]
[SourceDate "2016.08.29"]
[SourceVersion "1"]
[SourceVersionDate "2016.08.29"]
[SourceQuality "1"]

1. e4 c5 2. Nf3 Nc6 3. d4 cxd4 4. Nxd4 Nf6 5. Nc3 d6 6. Bg5 e6 7. Qd2 a6 8. 0-0-0 Bd7 9. f4 h6 10. Bxf6 Qxf6 11. Nf3 Qd8 12. g4 Qc7 13. Kb1 0-0-0 14. g5 g6 15. h4 Kb8 16. Be2 h5 17. Rhe1 Bc8 18. Bf1 Bg7 19. Re3 Qa5 20. Bc4 Rhe8 21. Rd3 Qb4 22. Bb3 Bxc3 23. Qxc3 Qxe4 24. Nd4 Nxd4 25. Rxd4 Qe2 26. Qg3 Qg4 27. Qxg4 hxg4 28. Kc1 Rh8 29. Rh1 b5 30. Rd3 Bb7 31. Rh2 Be4 32. Rg3 Bf5 33. c3 d5 34. Bd1 d4 35. Bxg4 dxc3 36. bxc3 Be4 37. h5 gxh5 38. Rxh5 Bg6 39. Rh6 Rhg8 40. Bh5 Bxh5 41. Rxh5 Rd5 42. Rh7 Rf5 43. Rg4 Rg6 44. Rh8+ Kb7 45. Re8 Kb6 46. Kd2 a5 47. Ke3 Rc5 48. Kd3 Rd5+ 49. Ke4 Rc5 50. Rg3 f5+ 51. Kd3 Rc4 52. Rf8 Rg7 53. Rf6 Rd7+ 54. Kc2 Re4 55. g6 Re2+ 56. Kc1 Re1+ 57. Kc2 Re2+ 58. Kc1 Re1+ 59. Kc2 Re2+ 60. Kc1 1/2-1/2

[Event "Lueneburg op-A"]
[Site "Lueneburg"]
[Date "2016.07.02"]
[Round "3"]
[White "Brinkmann, Fabian"]
[Black "Hess, Christian"]
[Result "0-1"]
[WhiteElo "2107"]
[BlackElo "2231"]
[PlyCount "36"]
[EventDate "2016.07.01"]
[EventType "swiss"]
[EventRounds "9"]
[EventCountry "GER"]
[SourceTitle "CBM 173 Extra"]
[Source "ChessBase"]
[SourceDate "2016.08.29"]
[SourceVersion "1"]
[SourceVersionDate "2016.08.29"]
[SourceQuality "1"]

1. e4 c6 2. d4 d5 3. e5 Bf5 4. Nf3 e6 5. Be2 Ne7 6. 0-0 Bg6 7. Nbd2 Nf5 8. Nb3 Nd7 9. Bd2 Be7 10. g4 Nh6 11. h3 Ng8 12. c4 h5 13. cxd5 cxd5 14. Na5 hxg4 15. hxg4 Be4 16. Kg2 Bb4 17. Bxb4 Qh4 18. Qc2 Qxg4# 0-1

[Event "Bremen-ch op"]
[Site "Bremen"]
[Date "2016.03.19"]
[Round "1"]
[White "Brinkmann, Fabian"]
[Black "Bruening, Martin"]
[Result "1-0"]
[WhiteElo "2154"]
[BlackElo "1777"]
[PlyCount "49"]
[EventDate "2016.03.19"]
[EventType "swiss"]
[EventRounds "9"]
[EventCountry "GER"]
[SourceTitle "EXT 2018"]
[Source "ChessBase"]
[SourceDate "2017.10.13"]
[SourceVersion "1"]
[SourceVersionDate "2017.10.13"]
[SourceQuality "1"]

1. e4 c6 2. Nc3 d5 3. Qf3 dxe4 4. Nxe4 Nd7 5. d4 Ngf6 6. Bc4 e6 7. Bg5 Be7 8. Nxf6+ Bxf6 9. Be3 Nb6 10. Bb3 0-0 11. 0-0-0 Nd5 12. h4 Nxe3 13. fxe3 a5 14. c3 a4 15. Bc2 Qd5 16. e4 Qxa2 17. e5 Be7 18. Qh5 g6 19. Qh6 Re8 20. h5 Bf8 21. Qf4 Qa1+ 22. Kd2 Qxb2 23. hxg6 hxg6 24. Rf1 f5 25. exf6 1-0

[Event "Niedersachsen-ch op"]
[Site "Verden"]
[Date "2016.01.06"]
[Round "7"]
[White "Roehrkasten, Reinhard"]
[Black "Brinkmann, Fabian"]
[Result "0-1"]
[WhiteElo "1968"]
[BlackElo "2167"]
[PlyCount "76"]
[EventDate "2016.01.03"]
[EventType "swiss"]
[EventRounds "7"]
[EventCountry "GER"]
[SourceTitle "EXT 2018"]
[Source "ChessBase"]
[SourceDate "2017.10.13"]
[SourceVersion "1"]
[SourceVersionDate "2017.10.13"]
[SourceQuality "1"]

1. d4 d5 2. Nf3 Nf6 3. c4 c6 4. Nc3 dxc4 5. a4 Bf5 6. e3 e6 7. Bxc4 Bb4 8. Qb3 Qe7 9. 0-0 0-0 10. Bd2 a5 11. Ne2 Bd6 12. Ng3 Bg6 13. Bd3 Rd8 14. Bxg6 hxg6 15. Rfe1 Qc7 16. e4 Bf8 17. Rac1 Na6 18. Bg5 Rd7 19. Red1 Nb4 20. Ne5 Rdd8 21. Nxg6 fxg6 22. Qxe6+ Qf7 23. Qxf7+ Kxf7 24. e5 Nfd5 25. Bxd8 Rxd8 26. Ne4 Be7 27. g3 g5 28. h3 Nc7 29. Nc5 Bxc5 30. dxc5 Rxd1+ 31. Rxd1 Nbd5 32. f4 gxf4 33. gxf4 Ke6 34. Kf2 Kf5 35. Rg1 Ne6 36. h4 Ndxf4 37. Kf3 Nd3 38. Rd1 Ndxc5 0-1

[Event "Niedersachsen-ch op"]
[Site "Verden"]
[Date "2016.01.05"]
[Round "5"]
[White "Essmann, Julian"]
[Black "Brinkmann, Fabian"]
[Result "1-0"]
[WhiteElo "1960"]
[BlackElo "2167"]
[PlyCount "65"]
[EventDate "2016.01.03"]
[EventType "swiss"]
[EventRounds "7"]
[EventCountry "GER"]
[SourceTitle "EXT 2018"]
[Source "ChessBase"]
[SourceDate "2017.10.13"]
[SourceVersion "1"]
[SourceVersionDate "2017.10.13"]
[SourceQuality "1"]

1. e4 c6 2. Nc3 d5 3. d4 dxe4 4. Nxe4 Bf5 5. Ng3 Bg6 6. h4 h6 7. Nh3 Nf6 8. Bc4 e6 9. Nf4 Bh7 10. 0-0 Bd6 11. Nxe6 fxe6 12. Bxe6 Qc7 13. Nh5 Nxh5 14. Qxh5+ Kd8 15. c4 Rf8 16. c5 Bh2+ 17. Kh1 Bd3 18. Rd1 Rxf2 19. Bg5+ hxg5 20. Rxd3 Qf4 21. d5 cxd5 22. Qh8+ Ke7 23. Qxg7+ Ke8 24. Qh8+ Ke7 25. Qh7+ Kf8 26. hxg5 Bg3 27. Kg1 Qe5 28. Bxd5 Nc6 29. g6 Rf5 30. g7+ Qxg7 31. Qxg7+ Kxg7 32. Rxg3+ Kf6 33. Rf1 1-0